Normal view
MARC view
- Ford, William.H Topp, William.R
Entry Personal Name
001 - CONTROL NUMBER
- control field: 80610
003 - CONTROL NUMBER IDENTIFIER
- control field: NUST
005 - DATE AND TIME OF LATEST TRANSACTION
- control field: 20210628210711.0
008 - FIXED-LENGTH DATA ELEMENTS
- fixed length control field: 210628|| aca||aabn | a|a d
040 ## - CATALOGING SOURCE
- Original cataloging agency: NUST
- Transcribing agency: NUST
100 ## - HEADING--PERSONAL NAME
- Personal name: Ford, William.H Topp, William.R
670 ## - SOURCE DATA FOUND
- Source citation: Work cat.: (NUST): Ford, William.H Topp, William.R, Introduction to computing using c plus plus and object technology, 1999
